| 000 | 01189cam a2200289 a 4500 | ||
|---|---|---|---|
| 001 | 16032304 | ||
| 005 | 20100630114654.0 | ||
| 008 | 091222s2011 nyuab b 001 0 eng | ||
| 010 | _a 2009052074 | ||
| 020 | _a0205791212 | ||
| 020 | _a9780205791217 (pbk. : alk. paper) | ||
| 035 | _a(OCoLC)ocn464594612 | ||
| 040 |
_aDLC _cDLC _dYDX _dYDXCP _dBWX _dCDX _dDLC |
||
| 050 | 0 | 0 |
_aJA86 _b.E57 2011 |
| 082 | 0 | 0 |
_a320.072 _222 _bBRI |
| 245 | 0 | 0 |
_aEmpirical Political Analysis : _bQuantitative and Qualitative Research Methods / _cCraig Leonard Brians ... [et al.]. |
| 250 | _a8th ed. | ||
| 260 |
_aBoston : _bLongman, 2011 _cc2011. |
||
| 300 |
_axvii, 428 p. : _bill., maps ; _c24 cm. |
||
| 504 | _aIncludes bibliographical references and index. | ||
| 650 | 0 |
_aPolitical science _xResearch. _922919 |
|
| 653 |
_bPol _cApril2011 |
||
| 700 | 1 |
_aBrians, Craig Leonard. _922920 |
|
| 942 |
_2ddc _cBB |
||
| 999 |
_c15076 _d15076 |
||